000
00318nam a2200109Ia 4500
008
200302s9999 xx 000 0 und d
100
_a
Gabriel Campanario
245
_a
The urban sketching handbook People and motion tips and techniques for drawing on location
260
_b
Quarry Books
260
_c
2014
300
_a
112
999
_c
6294
_d
6294